000 01089cam a2200253 i 4500
003 SA-RiAUC
005 20250524165738.0
008 250522s2002 le g 000 i ara c
040 _aJO-ZaHU
_bara
_cSA-RiAUC
_erda
082 0 4 _a816.5
090 _a816.5
_bج ا ح
100 1 _aالجاحظ، عمرو بن بحر بن محبوب،
_d163-255 هجري
_eمؤلف.
245 1 0 _aثلاث رسائل لأبي عثمان عمرو بن بحر الجاحظ.
246 3 _a3 رسائل لأبي عثمان عمرو بن بحر الجاحظ
264 1 _aبيروت :
_bدار الأرقم بن أبي الأرقم،
_c2002
300 _a120 صفحة ؛
_c24 سم
336 _aنص
_btxt
_2rdacontent
_3كتاب
337 _aبدون وسيط
_bn
_2rdamedia
338 _aمجلد
_bnc
_2rdacarrier
505 0 _aالمحتويات : في الرد على النصارى-في ذم أخلاق الكتاب-في القبان.
650 7 _aالرسائل العربية
_yالعصر العباسي الثاني
_2aucsh
942 _2ddc
_cBOOK
_n0
949 _aSA-JeALM
_d250522
_umohamedma123
_n1
999 _c8343
_d8343